01470nam a2200409 i 450000100060000000300080000600500170001400600190003100700150005000800410006502000180010602000270012403500230015103500240017403500250019803500220022304000310024505000220027608000120029808200150031010000410032524501540036625000190052026400480053930000410058733600310062833700330065933800430069250400290073558801260076465000190089065000180090965000210092765000230094865500270097185600620099847166FlNmELB20241216231837.0m o d | cr cnu||||||||180815s2017 sp ob 000 0 spa d z9788417086039 a9788417086497 (e-book) a(MiAaPQ)EBC5350058 a(Au-PeEL)EBL5350058 a(CaPaEBR)ebr11546035 a(OCoLC)1105401368 aFINmELBbspaerdacFINmELB 4aTH7413bA633 2017 a697.3290 a697.782231 aAntúnez Soria, Francisco Martín.10aPrevención y seguridad en el montaje mecánico e hidráulico de instalaciones solares térmicas :bUF0189 /cFrancisco Martín Antúnez Soria. a2a. edición. 1aAntequera, Málaga :bIC Editorial,c2017. a1 recurso en línea (207 páginas) atextobtxt2rdacontent/spa acomputadorabc2rdamedia/spa arecurso en líneabcr2rdacarrier/spa aContiene bibliografía. aDescripción basada en recurso en línea; Título de la página del título en PDF (e-libro, visto August 15, 2018). 0aSolar heating. 0aSolar energy. 4aEnergía solar. 4aCentral térmica. 4aLibros electrónicos.40uhttps://elibro.net/ereader/politecnicointernacional/44998